[Event "Mechanics' Summer TNM; G/2 d5"]
[Site "San Francisco"]
[Date "2017.07.11"]
[Round "7.20"]
[White "Than, Maung Nyunt"]
[Black "Clemens, Kristian"]
[Result "0-1"]
[WhiteElo "1175"]
[BlackElo "1833"]
[Annotator "Donaldson"]
[PlyCount "126"]
[EventDate "2017.??.??"]

1. c4 e6 2. e4 d5 3. cxd5 exd5 4. exd5 Nf6 5. Bb5+ Bd7 6. Qb3 Qe7+ 7. Ne2 Qb4
8. Bc4 Bd6 9. Qxb4 Bxb4 10. a3 Ba5 11. b4 Bb6 12. Bb2 Ne4 13. d4 Nd6 14. Bb3 a5
15. O-O axb4 16. axb4 Rxa1 17. Bxa1 Na6 18. Bc3 Nb5 19. Bd2 O-O 20. Ba4 Nxd4
21. Nxd4 Bxa4 22. Nf5 Bb5 23. Re1 Re8 24. Ne3 Bd3 25. Na3 Bd4 26. Nac4 Rd8 27.
Na5 Rb8 28. Nec4 f5 29. d6 Bxc4 30. Nxc4 cxd6 31. Nxd6 Rd8 32. Re8+ Rxe8 33.
Nxe8 Be5 34. b5 Nc5 35. f4 Bb8 36. Bc3 g6 37. Nf6+ Kf7 38. Nxh7 Bxf4 39. g3
Be3+ 40. Kg2 Ne4 41. Bb4 Bh6 42. h4 Kg7 43. Ng5 Nxg5 44. hxg5 Bxg5 45. Kf3 Kf7
46. g4 Ke6 47. gxf5+ gxf5 48. Bc5 Kd5 49. Bf2 Be7 50. Kf4 Ke6 51. b6 Bd6+ 52.
Kf3 Kd5 53. Bg1 Kc6 54. Be3 Kb5 55. Bf2 Bc5 {Diagram [#]} 56. Bxc5 $4 ({
The Nalimov Tables evaluate this position as draw. White needs to get his king
to d1 to hold.Forexample} 56. Bh4 Bxb6 57. Kf4 Kc4 58. Kxf5 Bd4 59. Kg4 b5 60.
Kf3 b4 61. Ke2 b3 62. Kd1 Be3 63. Bf6 {and Black is not making progress.})
56... Kxc5 57. Kf4 Kxb6 58. Kxf5 Kc5 59. Ke4 Kc4 60. Ke3 Kc3 61. Ke2 Kc2 62.
Ke3 b5 63. Kd4 b4 0-1

[Event "Mechanics' Peter Grey TNM; G/2 d5"]
[Site "San Francisco"]
[Date "2017.08.22"]
[Round "3.47"]
[White "Than, Maung Nyunt"]
[Black "Cowgill, Jackie"]
[Result "1-0"]
[WhiteElo "1355"]
[BlackElo "925"]
[Annotator "Donaldson"]
[PlyCount "45"]
[EventDate "2017.??.??"]

1. c4 (1. e4 c5 2. c3 Nc6 3. d4 cxd4 4. cxd4) 1... e5 2. g3 Nf6 3. Bg2 c6 4.
Nc3 (4. Nf3 e4 5. Nd4 d5) 4... Bb4 (4... d5 5. cxd5 cxd5 6. Qb3 Nc6 (6... e4 $2
7. d3) 7. Nxd5 Nd4 8. Qc3 (8. Qc4 Be6 9. Nxf6+ gxf6 10. Qc3 Bb4)) 5. Nf3 Bxc3 (
5... e4 6. Nd4 O-O) (5... d6) 6. bxc3 d6 7. O-O O-O 8. d3 h6 (8... Re8 9. e4) (
8... e4 9. Ng5 exd3 10. exd3 Re8) (8... Nbd7 9. Ba3 e4) 9. a4 Nbd7 10. Ba3 c5
11. d4 Re8 12. Rb1 Rb8 13. Nh4 {Diagram [#]} a5 (13... Nb6 $1 14. Qb3 Be6 15.
d5 Bd7 16. a5 Na4) 14. Nf5 Nf8 15. dxc5 $2 Bxf5 16. cxd6 Bxb1 17. Qxb1 b6 (
17... e4) 18. Bc6 N8d7 19. Rd1 Rf8 20. Qf5 Ne8 21. Bxd7 Nxd6 22. Bxd6 Qxd7 23.
Qxd7 1-0

[Event "Mechanics' Peter Grey TNM; G/2 d5"]
[Site "San Francisco"]
[Date "2017.09.12"]
[Round "6.25"]
[White "Than, Maung Nyunt"]
[Black "Mays, Jerry L"]
[Result "1/2-1/2"]
[WhiteElo "1355"]
[BlackElo "1741"]
[Annotator "Donaldson"]
[PlyCount "87"]
[EventDate "2017.??.??"]

1. c4 g6 2. Nc3 Bg7 3. g3 Nf6 4. Bg2 O-O 5. d3 c5 6. Nf3 Nc6 7. O-O d6 (7... d5
) 8. a3 Rb8 9. Bg5 h6 10. Bc1 $6 (10. Bd2) 10... Ng4 11. Rb1 Nge5 12. Nxe5 Nxe5
13. Bd2 Nc6 14. Ne4 Nd4 15. Bc3 f5 16. Nd2 e5 17. e3 Ne6 18. Bd5 Kh7 19. b4 Qg5
20. Nf3 Qe7 21. Re1 Ng5 22. Kg2 $4 {Diagram [#]} (22. Nxg5+) 22... Nxf3 23.
Qxf3 e4 $1 24. dxe4 fxe4 25. Qxe4 Qxe4+ 26. Bxe4 Bxc3 27. Red1 Rf6 $2 (27...
Re8 28. f3 Be6) 28. Rd3 cxb4 (28... Be5 29. f4) 29. axb4 Be6 $4 (29... Re6 30.
Bd5 Bg7 $17) 30. Rxc3 Rc8 31. Bxb7 Rc7 32. Ba6 Bd5+ 33. Kg1 Bf3 34. c5 dxc5 35.
Bf1 Rb6 36. Bg2 Bg4 37. h3 Bf5 38. Rbc1 Rxb4 39. Rxc5 Rxc5 40. Rxc5 Rb1+ 41.
Kh2 Rb2 42. Rc7+ Kh8 43. g4 Be6 44. Kg3 {
The tide has turned and White should have kept playing.} 1/2-1/2

[Event "Mechanics' Summer TNM; G/2 d5"]
[Site "San Francisco"]
[Date "2017.05.23"]
[Round "1.31"]
[White "Than, Maung Nyunt"]
[Black "Ochoa, Jason"]
[Result "0-1"]
[WhiteElo "1175"]
[BlackElo "1800"]
[PlyCount "74"]
[EventDate "2017.??.??"]

1. c4 Nf6 2. g3 c5 3. Bg2 g6 4. Nf3 Bg7 5. Nc3 O-O 6. O-O Nc6 7. e3 d6 8. d4
Bg4 9. d5 Ne5 10. b3 Nxf3+ 11. Bxf3 Bxf3 12. Qxf3 Nxd5 13. cxd5 Bxc3 14. Rb1
Qa5 15. Qe2 b5 16. Rd1 Rfc8 17. Qc2 Rc7 18. Bd2 Bxd2 19. Qxd2 Qxd2 20. Rxd2
Rac8 21. Kf1 c4 22. b4 c3 23. Rc2 Kg7 24. Rb3 Kf6 25. f3 Ke5 26. e4 Kd4 27. Ke2
f5 28. exf5 gxf5 29. Ra3 h5 30. Rb3 Rg8 31. Rc1 Kxd5 32. Rbxc3 Rc4 33. Rd1+ Ke5
34. Re3+ Kf6 35. a3 Rgc8 36. Kd3 Rc3+ 37. Kd4 R8c4+ 0-1

[Event "Mechanics' Summer TNM; G/2 d5"]
[Site "San Francisco"]
[Date "2017.06.06"]
[Round "3.37"]
[White "Than, Maung Nyunt"]
[Black "Sherwood, Peter"]
[Result "0-1"]
[WhiteElo "1175"]
[BlackElo "1663"]
[Annotator "Donaldson"]
[PlyCount "28"]
[EventDate "2017.??.??"]

1. c4 e5 2. g3 Nf6 3. Bg2 Nc6 4. Nc3 Bc5 5. e3 O-O 6. Nge2 d6 7. O-O Bf5 8. a3
a5 9. Qb3 (9. d3) (9. d4) 9... Rb8 10. Rd1 $6 (10. Nd5) 10... Bd3 $1 11. Bf3 $2
(11. Re1) 11... Qd7 12. e4 Qe6 (12... Qh3) 13. Nd5 Bxe2 14. Nxf6+ (14. Bxe2
Nxe4) 14... Qxf6 0-1

[Event "Mechanics' Fall TNM; G/2 d5"]
[Site "San Francisco"]
[Date "2017.10.31"]
[Round "2.8"]
[White "Thornally, Frank"]
[Black "Babayan, Gagik"]
[Result "1-0"]
[WhiteElo "2200"]
[BlackElo "1769"]
[PlyCount "77"]
[EventDate "2017.??.??"]

1. Nf3 Nf6 2. c4 c5 3. g3 e6 4. Bg2 d5 5. b3 Be7 6. O-O O-O 7. Bb2 Nc6 8. e3
dxc4 9. bxc4 Ne4 10. d4 Bf6 11. Qc2 Nd6 12. Rd1 Nb4 13. Qb3 Na6 14. Na3 Qc7 15.
Rac1 Rd8 16. Nb5 Qe7 17. Ba3 b6 18. Ne5 Bb7 19. Nc6 Bxc6 20. Bxc6 Rac8 21. Bg2
Nb8 22. dxc5 bxc5 23. Qa4 a6 24. Nxd6 Rxd6 25. Rxd6 Qxd6 26. Rd1 Qb6 27. Be4
Be7 28. Rb1 Qd6 29. Rb7 Bf6 30. Kg2 g6 31. Qa5 Bd8 32. Qc3 e5 33. Bd5 Nd7 34.
Qd2 Kg7 35. Bb2 Bf6 36. e4 Rf8 37. Qa5 Bd8 38. Qa4 Kh8 39. Qxd7 1-0

[Event "Mechanics' Fall TNM; G/2 d5"]
[Site "San Francisco"]
[Date "2017.11.14"]
[Round "4.12"]
[White "Thornally, Frank"]
[Black "Kuczek, Kevin W"]
[Result "0-1"]
[WhiteElo "2200"]
[BlackElo "1883"]
[Annotator "Donaldson"]
[PlyCount "62"]
[EventDate "2017.??.??"]

1. Nf3 d5 2. c4 d4 3. e3 c5 4. b4 b6 $2 {Diagram [#]} 5. Nxd4 $5 ({First} 5.
bxc5 bxc5 {and then} 6. Nxd4 $1 cxd4 7. Qf3 Nc6 8. Qxc6+ Bd7 9. Qf3 e5 10. Bd3
Bd6 (10... Bc5 11. Qd5) 11. O-O Ne7 12. exd4 exd4 13. Ba3 Bxa3 14. Nxa3 O-O 15.
Nc2 {and White is much better.}) 5... cxd4 6. Qf3 Nc6 7. Qxc6+ Bd7 8. Qf3 e5 9.
Qe4 $6 (9. exd4 exd4 10. Bd3 Bxb4 (10... Nf6 11. O-O) 11. O-O Ne7 {
doesn't promise White much.}) 9... Bd6 10. exd4 Nf6 11. Qe3 O-O 12. d5 Ng4 13.
Qg3 f5 14. Be2 f4 15. Qf3 Qf6 16. Bb2 e4 17. Qb3 $2 (17. Qxg4 Qxb2 18. Qxd7 f3
$1) 17... Be5 $2 (17... Qh4 $1 18. Bxg4 Bxg4 19. Bd4 (19. O-O f3) 19... e3 20.
dxe3 fxe3 21. Bxe3 Rae8) 18. Bxe5 Nxe5 19. Nc3 f3 $1 20. Nxe4 Nd3+ 21. Bxd3
Qxa1+ 22. Qb1 fxg2 23. Rg1 Qd4 24. Rxg2 Rae8 25. Ke2 Bh3 26. Rg3 Rxe4+ 27. Kd1
Rh4 28. f3 Bd7 29. Qb3 Rxh2 30. Kc2 Bf5 31. Bxf5 Qxd2+ 0-1

[Event "Mechanics' Fall TNM; G/2 d5"]
[Site "San Francisco"]
[Date "2017.11.28"]
[Round "6.15"]
[White "Thornally, Frank"]
[Black "Mays, Jerry L"]
[Result "1-0"]
[WhiteElo "2200"]
[BlackElo "1700"]
[Annotator "Donaldson"]
[PlyCount "61"]
[EventDate "2017.??.??"]

1. Nf3 Nf6 2. c4 c5 3. b3 g6 4. Bb2 Bg7 5. g3 O-O 6. Bg2 Nc6 7. O-O e6 8. d4
Ne4 9. Qc2 d5 10. Rd1 (10. dxc5 Bxb2 11. Qxb2 Nxc5 12. Rd1) 10... Qf6 11. e3
Nb4 12. Qe2 g5 $2 (12... Rd8) 13. Nbd2 g4 14. Nxe4 dxe4 15. Nd2 Qe7 16. Nxe4
cxd4 17. Bxd4 Bxd4 18. exd4 f5 19. Nc5 Nc6 20. Qe3 e5 21. Bd5+ Kg7 22. Bxc6
bxc6 23. Qxe5+ Qxe5 24. dxe5 f4 25. gxf4 Rxf4 26. Rd6 Bf5 27. Rxc6 Rf8 28. Rd1
Kh8 29. Rd2 Bc8 30. Rc7 Rf3 31. e6 1-0

[Event "Mechanics' Winter TNM; G/2"]
[Site "San Francisco"]
[Date "2017.01.24"]
[Round "4.10"]
[White "Thornally, Frank"]
[Black "Poling, Scott E"]
[Result "1-0"]
[WhiteElo "2200"]
[BlackElo "1864"]
[Annotator "Donaldson"]
[PlyCount "43"]
[EventDate "2017.??.??"]

1. d4 Nf6 2. Bf4 c5 3. e3 Qb6 4. b3 e6 5. Nf3 Nh5 6. Bg5 h6 7. Bh4 g5 8. Ne5
Ng7 9. Bg3 Nc6 10. Nc4 Qd8 11. Nd6+ Bxd6 12. Bxd6 cxd4 13. exd4 Nf5 14. Ba3
Nfxd4 15. Bd3 Qf6 16. Nd2 Qe5+ 17. Kf1 d5 18. c3 Nf5 19. Qc2 Bd7 $2 {
Diagram [#]} (19... Qf6) 20. Re1 Nfd4 21. cxd4 Qxd4 22. Bb2 1-0

[Event "Mechanics' Winter TNM; G/2"]
[Site "San Francisco"]
[Date "2017.01.10"]
[Round "2.5"]
[White "Thornally, Frank"]
[Black "Royzen, Igor"]
[Result "1/2-1/2"]
[WhiteElo "2200"]
[BlackElo "1830"]
[PlyCount "29"]
[EventDate "2017.??.??"]

1. d4 d5 2. Bf4 c6 3. e3 Qb6 4. b3 Nf6 5. Nf3 Bf5 6. Be2 e6 7. Nh4 Bb4+ 8. Kf1
Be4 9. f3 Bg6 10. Nxg6 hxg6 11. g4 Qd8 12. Kg2 Bd6 13. Bg3 Qc7 14. c4 Nbd7 15.
Nc3 1/2-1/2

[Event "Mechanics' Summer TNM; G/2 d5"]
[Site "San Francisco"]
[Date "2017.06.06"]
[Round "3.44"]
[White "Torres, Julian"]
[Black "Boldi, Nicholas"]
[Result "1/2-1/2"]
[WhiteElo "1589"]
[BlackElo "1115"]
[Annotator "Donaldson"]
[PlyCount "74"]
[EventDate "2017.??.??"]

1. e4 e6 2. Nf3 d5 3. exd5 exd5 4. c3 Nf6 5. Be2 c5 6. d4 Nc6 7. Bb5 Bd7 (7...
Bd6 8. O-O O-O) 8. O-O a6 9. Re1+ Be6 10. Bxc6+ bxc6 11. Ng5 Qc8 12. Nxe6 (12.
Qe2 Bd6 13. Nxe6 fxe6 14. Qxe6+ Qxe6 15. Rxe6+ Kd7 16. Re1 Rae8 $11) 12... fxe6
13. Bg5 Be7 14. Qe2 cxd4 15. Qxe6 $2 (15. cxd4 Kf7 16. Nc3) 15... Qxe6 16. Rxe6
dxc3 17. Nxc3 Kd7 18. Re2 Rhe8 19. Na4 Rab8 20. a3 Ne4 21. Be3 Rb5 22. b4 Bf6
23. Rc1 Rb7 $2 (23... a5) 24. f3 Nc3 25. Nxc3 d4 {Diagram [#]} 26. Rd2 $2 (26.
Bf2 $1 dxc3 27. Rd1+) 26... Rxe3 27. Ne4 Kc7 28. Nxf6 gxf6 29. Rxd4 Rxa3 30.
Rcd1 $2 (30. Rf4 $1 f5 31. Rxf5 Rxb4 32. Rf7+ Kb6 33. Rxh7 a5) 30... Rb5 31.
Rh4 Kb6 32. Rd6 Rg5 33. Rxf6 Ra1+ 34. Kf2 Ra2+ 35. Ke3 Rgxg2 36. Rxh7 Rxh2 37.
Rxh2 Rxh2 1/2-1/2

[Event "Mechanics' Summer TNM; G/2 d5"]
[Site "San Francisco"]
[Date "2017.06.13"]
[Round "4.43"]
[White "Torres, Julian"]
[Black "Donato, Nate R"]
[Result "1-0"]
[WhiteElo "1589"]
[BlackElo "1080"]
[PlyCount "43"]
[EventDate "2017.??.??"]

1. e4 c5 2. Nf3 d6 3. c3 Nf6 4. Qc2 e5 5. Bc4 Nc6 6. Ng5 d5 7. exd5 Nxd5 8. d4
g6 9. dxe5 Nxe5 10. Qe4 Qe7 11. O-O Nxc4 12. Qxc4 Be6 13. Nxe6 fxe6 14. Re1
O-O-O 15. Qg4 Nc7 16. Bg5 Qd7 17. Bxd8 Qxd8 18. Rd1 Bd6 19. c4 Rf8 20. Nc3 Qf6
21. Ne4 Qf4 22. Nxd6+ 1-0

[Event "Mechanics' Peter Grey TNM; G/2 d5"]
[Site "San Francisco"]
[Date "2017.09.26"]
[Round "8.35"]
[White "Torres, Julian"]
[Black "Nassif, Wassim"]
[Result "1/2-1/2"]
[WhiteElo "1311"]
[BlackElo "1156"]
[PlyCount "142"]
[EventDate "2017.??.??"]

1. d4 d5 2. Nf3 Nf6 3. e3 Bg4 4. Bd3 Ne4 5. O-O e6 6. Nbd2 f5 7. Qe1 Nc6 8. Bb5
a6 9. Bxc6+ bxc6 10. Ne5 Qd6 11. f3 Nxd2 12. Bxd2 Bh5 13. Bb4 Qxb4 14. Qh4 Bf7
15. Nxc6 Qd6 16. Ne5 Be7 17. Qg3 O-O 18. f4 Be8 19. h4 Bf6 20. Nf3 c5 21. c3
Bb5 22. Rfe1 Qe7 23. Kf2 Bd3 24. h5 Be4 25. Rh1 Rab8 26. b3 c4 27. b4 a5 28. a3
a4 29. Nh4 Bxh4 30. Rxh4 Qf6 31. Qh2 Rf7 32. g4 fxg4 33. Rxg4 h6 34. Rag1 Rbb7
35. R1g3 Bf5 36. Rh4 Kh7 37. Qh1 Rf8 38. Rh2 Rg8 39. Qd1 g6 40. hxg6+ Bxg6 41.
Qxa4 Be8 42. Qc2+ Rg6 43. Rgh3 Qf5 44. Qxf5 exf5 45. Kf3 Ba4 46. Rg3 Rxg3+ 47.
Kxg3 Rg7+ 48. Kf2 Rg4 49. Rg2 h5 50. Kg1 h4 51. Kh2 Kh6 52. Rb2 Bb3 53. a4 Bxa4
54. b5 Rg3 55. b6 Bc6 56. b7 Bxb7 57. Rxb7 Rxe3 58. Rd7 Re4 59. Rxd5 Rxf4 60.
Rc5 Kg5 61. d5 Rf3 62. Rxc4 Rd3 63. Rc5 f4 64. c4 Kg4 65. Rc8 Rd2+ 66. Kg1 Kf3
67. Rg8 h3 68. Rh8 Ke3 69. Rxh3+ Kd4 $2 ({Black wins with} 69... f3 70. c5 Rxd5
71. c6 Rg5+ 72. Kh2 Rg2+ 73. Kh1 Rc2 74. Rh8 Rc1+ 75. Kh2 f2 76. Re8+ Kd4 77.
Rd8+ Ke5 78. Re8+ Kd6 79. Rf8 f1=Q) 70. Rf3 Kxc4 71. Rxf4+ Kxd5 1/2-1/2

[Event "Mechanics' Summer TNM; G/2 d5"]
[Site "San Francisco"]
[Date "2017.05.23"]
[Round "1.4"]
[White "Torres, Julian"]
[Black "O'Connor, Derek"]
[Result "0-1"]
[WhiteElo "1589"]
[BlackElo "2270"]
[PlyCount "64"]
[EventDate "2017.??.??"]

1. e4 c6 2. Nf3 d5 3. Nc3 Nf6 4. e5 Ne4 5. Nxe4 dxe4 6. Ng5 Qd5 7. d4 c5 8. c4
Qxd4 9. Qxd4 cxd4 10. Nxe4 Nc6 11. Bf4 f6 12. exf6 gxf6 13. Bd3 e5 14. Bd2 Be7
15. c5 f5 16. Nd6+ Bxd6 17. cxd6 Be6 18. Bb5 a5 19. Bxc6+ bxc6 20. Rc1 Kd7 21.
Rc5 Kxd6 22. Rxa5 Rxa5 23. Bxa5 Bxa2 24. O-O Rb8 25. b4 Rb5 26. Ra1 Bb3 27. Rc1
d3 28. g3 d2 29. Ra1 d1=Q+ 30. Rxd1+ Bxd1 31. Kf1 Bf3 32. Ke1 Rd5 0-1

[Event "Mechanics' Peter Grey TNM; G/2 d5"]
[Site "San Francisco"]
[Date "2017.08.29"]
[Round "4.18"]
[White "Torres, Julian"]
[Black "Snyder, Larry"]
[Result "0-1"]
[WhiteElo "1311"]
[BlackElo "2074"]
[Annotator "Donaldson"]
[PlyCount "120"]
[EventDate "2017.??.??"]

1. d4 Nf6 2. Nf3 g6 3. e3 Bg7 4. Bd3 d5 5. O-O O-O 6. Re1 c5 7. c3 b6 8. Nbd2
Bb7 9. e4 cxd4 10. e5 dxc3 11. exf6 cxd2 12. fxe7 dxe1=Q+ 13. Qxe1 Qd7 14.
exf8=Q+ Kxf8 15. Be3 Nc6 16. Qd2 Kg8 17. Bh6 Bf6 18. Bg5 Bg7 19. Bh6 Re8 20.
Bxg7 Kxg7 21. h4 Qg4 22. Bb5 Ne5 $4 {Diagram [#]} (22... Rc8) 23. Qc3 $4 (23.
Nh2 $1) 23... d4 24. Qxd4 Qxd4 25. Nxd4 Rd8 26. Rd1 Kf6 27. Be2 Nc6 28. Nxc6
Rxd1+ 29. Bxd1 Bxc6 30. Bb3 Be8 31. f4 Kf5 32. g3 Ke4 33. Kf2 f6 34. Bc2+ Kd4
35. Ke2 h6 36. Kf3 Bf7 37. a3 a5 38. f5 $2 (38. Ke2 $11) 38... g5 39. hxg5 hxg5
40. g4 Bd5+ 41. Ke2 b5 42. Kd2 Bf3 43. Bd3 b4 44. axb4 axb4 45. Be2 Bxe2 46.
Kxe2 Ke4 47. Kf2 Kf4 48. b3 Kxg4 49. Kg2 Kxf5 50. Kg3 g4 51. Kg2 Kf4 52. Kf2
g3+ 53. Kg2 f5 54. Kg1 Kf3 55. Kf1 g2+ 56. Kg1 f4 57. Kh2 Kf2 58. Kh3 g1=Q 59.
Kh4 Qg6 60. Kh3 Qg3# 0-1

[Event "Mechanics' Peter Grey TNM; G/2 d5"]
[Site "San Francisco"]
[Date "2017.09.12"]
[Round "6.26"]
[White "Torres, Julian"]
[Black "Stolpe, Samuel"]
[Result "0-1"]
[WhiteElo "1311"]
[BlackElo "1706"]
[PlyCount "66"]
[EventDate "2017.??.??"]

1. d4 Nf6 2. Nc3 d5 3. Nf3 Nbd7 4. Bf4 c6 5. e3 e6 6. Bd3 Be7 7. h4 O-O 8. Qd2
a6 9. e4 dxe4 10. Nxe4 Nxe4 11. Bxe4 Nf6 12. Bd3 c5 13. h5 cxd4 14. Nxd4 Nd5
15. O-O-O Nxf4 16. Qxf4 Bg5 17. Bxh7+ Kxh7 18. Ne2 Bxf4+ 19. Nxf4 Qg5 20. g3 e5
21. Rd5 Be6 22. Kb1 Bxd5 23. Nxd5 Rfd8 24. Ne3 Rd2 25. b3 Rc8 26. Nc4 Rxc4 27.
bxc4 Qf5 28. Rc1 Qe4 29. f4 Qxc4 30. fxe5 Qb4+ 31. Ka1 Qc3+ 32. Kb1 Rd5 33. a4
Rd4 0-1

[Event "Mechanics' Peter Grey TNM; G/2 d5"]
[Site "San Francisco"]
[Date "2017.08.15"]
[Round "2.34"]
[White "Torres, Julian"]
[Black "Zaman, Ahyan"]
[Result "1-0"]
[WhiteElo "1311"]
[BlackElo "1542"]
[PlyCount "37"]
[EventDate "2017.??.??"]

1. d4 Nf6 2. Nf3 g6 3. e3 Bg7 4. Bd3 O-O 5. O-O Nc6 6. Re1 d6 7. c3 e5 8. Nbd2
Ne8 9. e4 exd4 10. cxd4 Nxd4 11. e5 Nxf3+ 12. Nxf3 dxe5 13. Nxe5 f5 14. Bc4+
Be6 15. Bxe6+ Kh8 16. Qxd8 Rxd8 17. Nf7+ Rxf7 18. Bxf7 Be5 19. Bg5 1-0

[Event "Mechanics' Fall TNM; G/2 d5"]
[Site "San Francisco"]
[Date "2017.12.19"]
[Round "9.40"]
[White "Torres, Julian Esteban"]
[Black "McCarty-Snead, Callaghan"]
[Result "0-1"]
[WhiteElo "1349"]
[BlackElo "1700"]
[PlyCount "82"]
[EventDate "2017.??.??"]

1. g4 d5 2. e3 Nf6 3. g5 Ne4 4. h4 h6 5. d3 Nc5 6. Bg2 hxg5 7. hxg5 Rxh1 8.
Bxh1 e6 9. Qg4 Nc6 10. g6 f6 11. e4 e5 12. Qh4 dxe4 13. Qh8 exd3 14. c3 d2+ 15.
Nxd2 Nd3+ 16. Ke2 Nxc1+ 17. Rxc1 Bg4+ 18. Bf3 Bf5 19. Be4 Bxe4 20. Nxe4 f5 21.
Qg8 Qe7 22. Ng5 O-O-O 23. Qe6+ Qxe6 24. Nxe6 Re8 25. Nxf8 Rxf8 26. Nf3 Rf6 27.
Rg1 e4 28. Nd2 Ne5 29. f3 Rxg6 30. Rxg6 exf3+ 31. Nxf3 Nxg6 32. Ke3 Kd7 33. Nd4
Ne7 34. Kf4 g6 35. Ke5 Nc6+ 36. Kf4 Nxd4 37. cxd4 Kd6 38. b3 Kd5 39. Ke3 g5 40.
a3 f4+ 41. Kf3 Kxd4 0-1

[Event "Mechanics' Summer TNM; G/2 d5"]
[Site "San Francisco"]
[Date "2017.06.06"]
[Round "3.21"]
[White "Touset, Stephen Ka"]
[Black "Andries, W Craig"]
[Result "0-1"]
[WhiteElo "1513"]
[BlackElo "1877"]
[PlyCount "70"]
[EventDate "2017.??.??"]

1. d4 Nf6 2. Bf4 d6 3. e3 g6 4. Nd2 Bg7 5. Ngf3 O-O 6. c3 Nbd7 7. Be2 Re8 8. h4
e5 9. Bg3 e4 10. Ng5 h6 11. Nh3 Nf8 12. Nf4 d5 13. Qb3 c6 14. c4 Ne6 15. h5 g5
16. Nh3 Qb6 17. Qc3 a5 18. a3 c5 19. Be5 cxd4 20. exd4 Bd7 21. c5 Qd8 22. f4
Nh7 23. O-O f6 24. Bd6 g4 25. Qg3 gxh3 26. gxh3 Nxd4 27. Rf2 e3 28. Rg2 Nxe2+
29. Rxe2 exd2 30. Rxd2 Bc6 31. Rg2 Qd7 32. Qg6 d4 33. Rg3 Kh8 34. Kh2 Be4 35.
f5 Bxf5 0-1

[Event "Mechanics' Peter Grey TNM; G/2 d5"]
[Site "San Francisco"]
[Date "2017.08.15"]
[Round "2.36"]
[White "Touset, Stephen Ka"]
[Black "Boldi, Nicholas"]
[Result "1-0"]
[WhiteElo "1535"]
[BlackElo "1250"]
[PlyCount "135"]
[EventDate "2017.??.??"]

1. d4 e6 2. Bf4 d5 3. e3 c5 4. c3 Nc6 5. Bd3 Bd7 6. Nd2 Qb6 7. b3 Nf6 8. Ngf3
Qd8 9. Ne5 cxd4 10. exd4 Rc8 11. Rc1 Ba3 12. Rc2 Bf8 13. O-O Ne7 14. c4 Ng6 15.
Nxg6 hxg6 16. Nf3 Nh5 17. Be5 Nf6 18. c5 b6 19. Ba6 Rb8 20. Bxb8 Qxb8 21. c6
Bd6 22. cxd7+ Kxd7 23. h3 Ng4 24. Ne5+ Nxe5 25. dxe5 Bxe5 26. Qf3 Ke7 27. Rfc1
Bf4 28. Re1 Qd6 29. g3 Bg5 30. Kg2 Qd7 31. Qc3 Bf6 32. Qc7 Qxc7 33. Rxc7+ Kd6
34. Rxf7 Ra8 35. Rc1 d4 36. f4 e5 37. fxe5+ Kxe5 38. Bd3 Bg5 39. Rcc7 Bd8 40.
Rxa7 Rc8 41. Bxg6 Rc3 42. Rf3 Rc6 43. Rxg7 Bf6 44. Rf7 Bd8 45. Rd7 Bf6 46. Bd3
Rc8 47. h4 Ra8 48. a4 Rg8 49. Rxf6 Kxf6 50. Rxd4 Ke5 51. Rf4 Rd8 52. Bc4 Rd2+
53. Kh3 Rd8 54. h5 Rh8 55. Kh4 b5 56. Bxb5 Ke6 57. a5 Ra8 58. a6 Ra7 59. h6 Kd5
60. Kh5 Kc5 61. Bc4 Rxa6 62. Bxa6 Kb6 63. Bc4 Kc6 64. h7 Kd6 65. h8=Q Ke7 66.
Rf6 Kd7 67. Qg7+ Ke8 68. Rf8# 1-0

[Event "Mechanics' Fall TNM; G/2 d5"]
[Site "San Francisco"]
[Date "2017.11.14"]
[Round "4.43"]
[White "Touset, Stephen Ka"]
[Black "Cendejas, Jon Rodo"]
[Result "1-0"]
[WhiteElo "1566"]
[BlackElo "407"]
[PlyCount "95"]
[EventDate "2017.??.??"]

1. d4 d5 2. Bf4 Nc6 3. e3 Bf5 4. Nf3 e6 5. c4 Nb4 6. Na3 dxc4 7. Bxc4 Nf6 8.
Rc1 c6 9. O-O Bd6 10. Ne5 O-O 11. Bb3 Rc8 12. Nac4 Nbd5 13. Nxd6 Qxd6 14. Nxf7
Qd7 15. Nd6 Rcd8 16. Nxf5 exf5 17. Qf3 Kh8 18. Bg5 Qf7 19. Qxf5 Qh5 20. Bd1 Ng4
21. Qxg4 Qxg4 22. Bxg4 Rde8 23. Bf3 Nb4 24. Rc4 a5 25. a3 Nd3 26. b3 h6 27. Bh4
g5 28. Bg3 Rf6 29. Be2 Nb2 30. Rc2 c5 31. Be5 Kg7 32. Rxb2 cxd4 33. Bxd4 Kg6
34. Bxf6 Kxf6 35. Rd1 Rc8 36. Bc4 h5 37. Rbd2 h4 38. Rd6+ Ke7 39. Re6+ Kf8 40.
Rd7 b5 41. Bxb5 Rc1+ 42. Bf1 g4 43. Ra6 Ke8 44. Rh7 Kd8 45. Ra8+ Rc8 46. Rh8+
Kd7 47. Raxc8 Ke6 48. Rh5 1-0

[Event "Mechanics' Peter Grey TNM; G/2 d5"]
[Site "San Francisco"]
[Date "2017.09.12"]
[Round "6.35"]
[White "Touset, Stephen Ka"]
[Black "Erdenebileg, Erkhe"]
[Result "1-0"]
[WhiteElo "1535"]
[BlackElo "1421"]
[Annotator "Donaldson"]
[PlyCount "57"]
[EventDate "2017.??.??"]

1. d4 d5 2. Bf4 e6 3. e3 Nd7 4. Nf3 Ngf6 5. Nbd2 c5 6. c3 b6 7. Bd3 Bb7 8. Ne5
Be7 9. Ndf3 h6 (9... O-O) (9... Nxe5 10. dxe5 Nd7) 10. h3 a6 11. g4 Nxe5 12.
dxe5 Nd7 13. Rg1 g5 14. Bg3 h5 15. Qe2 h4 16. Bh2 Rg8 17. O-O-O f6 $2 (17...
Qc7 $2) 18. Nxh4 $5 (18. exf6 Bxf6 19. e4 d4 20. e5 Be7 21. cxd4 cxd4 22. Nxd4
$18) 18... gxh4 $2 {Diagram [#]} (18... Nxe5 $1) 19. g5 $1 fxg5 20. Qh5+ Kf8
21. Qh6+ (21. f4) 21... Kf7 22. Bh7 Rg7 (22... Qf8) 23. f4 $2 (23. Qh5+ Kf8 24.
f4 $1) 23... d4 $2 (23... Qh8 $1 24. fxg5 Bxg5 $1) 24. Qh5+ Kf8 25. fxg5 Rxg5
26. Rdf1+ Kg7 27. Rf7+ Kh8 28. Rxg5 Bxg5 29. Bg6+ 1-0

[Event "Mechanics' Summer TNM; G/2 d5"]
[Site "San Francisco"]
[Date "2017.05.23"]
[Round "1.10"]
[White "Touset, Stephen Ka"]
[Black "Ismakov, Arthur"]
[Result "0-1"]
[WhiteElo "1513"]
[BlackElo "2169"]
[PlyCount "40"]
[EventDate "2017.??.??"]

1. d4 g6 2. Bf4 Bg7 3. e3 c5 4. c3 cxd4 5. exd4 Nf6 6. Nd2 O-O 7. Bd3 d5 8.
Ngf3 Nc6 9. Ne5 Nh5 10. Nxc6 bxc6 11. Bg5 h6 12. Bh4 Nf4 13. Qf3 Nxd3+ 14. Qxd3
a5 15. Nb3 Qb6 16. O-O Ba6 17. Qc2 Bxf1 18. Rxf1 e5 19. Nc5 Qa7 20. dxe5 Qxc5
0-1

[Event "Mechanics' Fall TNM; G/2 d5"]
[Site "San Francisco"]
[Date "2017.10.31"]
[Round "2.38"]
[White "Touset, Stephen Ka"]
[Black "Lucas, Jermorio"]
[Result "1-0"]
[WhiteElo "1566"]
[BlackElo "971"]
[PlyCount "43"]
[EventDate "2017.??.??"]

1. d4 a6 2. Bf4 e6 3. e3 d6 4. Nd2 c6 5. Ngf3 Bd7 6. Bd3 Qc7 7. c4 Bc8 8. O-O
Be7 9. c5 e5 10. dxe5 dxe5 11. Bxe5 Qd8 12. Bxg7 Qxd3 13. Bxh8 Bxc5 14. Rc1 Bg4
15. Rxc5 Nd7 16. Rc3 Qg6 17. Bd4 O-O-O 18. Qc2 Nh6 19. Qxg6 hxg6 20. h3 Bxf3
21. Nxf3 b6 22. Rxc6+ 1-0

[Event "Mechanics' Peter Grey TNM; G/2 d5"]
[Site "San Francisco"]
[Date "2017.09.19"]
[Round "7.21"]
[White "Touset, Stephen Ka"]
[Black "Newey, Richard"]
[Result "1-0"]
[WhiteElo "1535"]
[BlackElo "1755"]
[PlyCount "51"]
[EventDate "2017.??.??"]

1. d4 d5 2. Bf4 Nf6 3. e3 e6 4. Nf3 Nbd7 5. Nbd2 c5 6. c3 Be7 7. Bd3 Nh5 8. Bg3
Nxg3 9. hxg3 h6 10. Ne5 Nxe5 11. dxe5 a6 12. Qg4 g5 13. f4 d4 14. exd4 cxd4 15.
c4 Bd7 16. O-O-O Rc8 17. Kb1 Ba4 18. Rdf1 Qb6 19. fxg5 Ba3 20. b3 Bb4 21. Ne4
Ba3 22. Qd1 Ke7 23. gxh6 Bc6 24. Qf3 f5 25. exf6+ Kf8 26. Qg4 1-0

[Event "Mechanics' Fall TNM; G/2 d5"]
[Site "San Francisco"]
[Date "2017.12.05"]
[Round "7.18"]
[White "Touset, Stephen Ka"]
[Black "Ricard, Bruce"]
[Result "0-1"]
[WhiteElo "1566"]
[BlackElo "1804"]
[PlyCount "22"]
[EventDate "2017.??.??"]

1. d4 d5 2. Bf4 Nf6 3. e3 c5 4. c3 Nc6 5. Bd3 Qb6 6. b3 Bg4 7. Nf3 Ne4 8. Be2
e6 9. Qc2 cxd4 10. cxd4 Bb4+ 11. Nbd2 {Diagram [#]} (11. Kf1) 11... Bxf3 0-1